Актуализации и индексации на пенсиите за времето след 1.11.1990 г. (Запис номер 374750)
[ съкратено ]
| 000 -Лидер | |
|---|---|
| Контролно поле с фиксирана дължина | nam a22 a 4500 |
| 003 - Код на организацията, давaща контролен номер | |
| Контролно поле | BLK |
| 005 - Дата и час на последна редакция | |
| Контролно поле | 20221208031013.0 |
| 008 - Елементи от данни с фиксирана дължина | |
| fixed length control field | 200714b bu ||||| |||| 00| 0 bu d |
| 020 ## - Международен стандартен номер на книга ISBN | |
| Международен стандартен номер на книга ISBN | 954460040X |
| 040 ## - Източник на каталожния запис | |
| Идентификатор на билиотеката - собственик на записа | BLK |
| 041 ## - Код за език | |
| Код за езика на текст/звукозапис или на отделно заглавие | Български |
| Код за езика КДБФ | Български |
| 080 ## - УДК | |
| Текстов определител УДК | Социално осигуряване при старост, инвалидност. Пенсии |
| УДК код - определител по УДК | 368.43 |
| УДК определител | (497.2)(094.9) |
| УДК - код + определител | 368.43(497.2)(094.9) |
| 100 ## - Редна дума - Автор | |
| R(LIN) | 285737 |
| Автор | Славова, Зоя |
| Авторска отговорност | първи автор |
| 139 ## - Редно поле | |
| Редна дума | Славова, Зоя |
| Авторски знак | Слави - С 43 |
| 245 ## - Сведения за заглавието | |
| Заглавие | Актуализации и индексации на пенсиите за времето след 1.11.1990 г. |
| Подзаглавни данни | Справочник |
| Редно поле (дума) | Зоя Славова, Емил Даков |
| 260 ## - Област на издателските данни | |
| 9 (RLIN) | 209702 |
| Място на издаване, разпространение и проч. | София |
| Име на издателя, разпространителя и проч. | Дикта-Интелект |
| Година на издаване | 1994 |
| 300 ## - Физическа характеристика | |
| Страници | 40 с. |
| Илюстрации и др. | с табл. |
| Размери/Мащаб | 21 см |
| 380 ## - Жанр | |
| Жанр | Обществени науки |
| 490 ## - СЕРИИ (Колекции) | |
| 9 (RLIN) | 208818 |
| Име на серия | Библиотека Обществено осигуряване |
| №: серия | 6 |
| 650 #0 - Допълнително описание по предмет – тема | |
| 9 (RLIN) | 315851 |
| Основно описание – тема или топоним | Пенсии - България - обществено осигуряване |
| 653 #7 - Ключова дума – ненормативна | |
| 9 (RLIN) | 193518 |
| Ключова дума | пенсии |
| 700 ## - Други автори (авторска отговорност) | |
| Лично име | Даков, Емил |
| Автороска отговорност (Описва отношението между автора и произведението) | съавт. |
| 9 (RLIN) | 1445 |
| 852 ## - Местоположение | |
| Форматна сигнатура | Цб 177948 |
| 999 ## - СИСТЕМНИ КОНТРОЛНИ НОМЕРА | |
| Koha biblionumber | 374750 |
| Koha biblioitemnumber | 374750 |
| 942 ## - АРТИКУЛИ | |
| Вид на библиотечния материал | Книги |
| Скрит в OPAC | Не |
| Периодичен библиозапис | Да |
| 944 ## - СЪЗДАВАНЕ И РЕДАКЦИЯ на ЗАПИСА | |
| Създаване/Редакция | Създаване |
| Дата на регистрацията/редакция | 2020-07-14 |
| Служител, извършил регистрацията/редакцията | Валя Йорданова |
| Код за отписване | Код за изгубен артикул | Източник на класификационната схема | Код за повреда | Коз за рестрикции | Код за отдаване | Артикулен № | Име на библиотеката - собственик | Име на библиотеката, в която се намира в момента | Статус (Текущо местоположение) | Дата на вписване в системата | Местоположение - отдел | Цена в лева | Инвентарен номер | Систематично азбучна сигнатура | Баркод | Цена в евро | Служебен тип на артикула |
|---|---|---|---|---|---|---|---|---|---|---|---|---|---|---|---|---|---|
| Не е изгубен | Universal Decimal Classification | Не е повреден | без рестрикции | ползва се в читалня | 784302 | Регионална библиотека "Любен Каравелов" Русе | Регионална библиотека "Любен Каравелов" Русе | Хранилище | 2020-07-16 | Хранилище | 0.00 | 601769 | Цб 177948 | 120000601769 | 0.00 | Книги |